000
00238nam a22001097a 4500
020
_a
9781465420275
100
_a
Emma Grange
245
_a
A new hope
260
_a
New York
_b
Dorling Kindersley
_c
2014
490
_a
Star wars
942
_c
BK
999
_c
262987
_d
262986